Normal view
MARC view
- Anatomy of Failure in War
Entry Topical Term
001 - CONTROL NUMBER
- control field: 110433
003 - CONTROL NUMBER IDENTIFIER
- control field: NUST
005 - DATE AND TIME OF LATEST TRANSACTION
- control field: 20230316131247.0
008 - FIXED-LENGTH DATA ELEMENTS
- fixed length control field: 230316|| aca||aabn | a|a d
040 ## - CATALOGING SOURCE
- Original cataloging agency: NUST
- Transcribing agency: NUST
150 ## - HEADING--TOPICAL TERM
- Topical term or geographic name entry element: Anatomy of Failure in War
670 ## - SOURCE DATA FOUND
- Source citation: Work cat.: (NUST)185090: Cohen,Eliot A 48704, Military Misfortunes, 1995
